| 000 | 00467 a2200157 4500 | ||
|---|---|---|---|
| 005 | 20250629150645.0 | ||
| 020 | _a0-07-229744-1 | ||
| 082 | _a004 HUT | ||
| 100 | _aHUTCHINSON, S. E | ||
| 245 | _aComputers, Communications and Information a user's Introduction : Comprehensive Version. | ||
| 250 | _a7th Ed. | ||
| 260 |
_aBoston, _bIrwin McGraw Hill, _c2000. |
||
| 300 |
_axvi, 625p.: ill.; figure, picture, _bIndex _c28cm. |
||
| 700 | _aSAWYER, S .C | ||
| 942 |
_2ddc _cBKS |
||
| 999 |
_c200 _d200 |
||